| 000 | 00609nam a22001695i 4500 | ||
|---|---|---|---|
| 001 | 153024 | ||
| 003 | ES-MaACL | ||
| 005 | 20230906205003.0 | ||
| 008 | 970925s1883 sp |||| | spa d | ||
| 040 |
_aCAM _bspa _cCAM |
||
| 245 | 0 | 0 | _aCatálogo de los cuadros de la galería que perteneció a Luis de Portilla. |
| 260 |
_aMadrid : _b[s.n.], _c1883 ( _fSucesores de Rivadeneyra) |
||
| 300 |
_a56 p. ; _c14 cm. |
||
| 650 | 4 |
_aPintura- _xColecciones. _9139154 |
|
| 700 | 1 |
_aPortilla, Luis de. _9131296 |
|
| 852 |
_aES-MaACL _jT-403-F-2 _z-- Enc. hol. _q-- Falto de la cub. original _z-- Enc. en un vol. facticio |
||
| 999 |
_c153024 _d153024 |
||